000 00674nam a2200205Ia 4500
003 IN-BaIIA
008 211028s9999 xx 000 0 eng d
020 _a0-283-99926-8
040 _cIIA Library
080 _a5(091)
_bHEL
100 _aHellemans, A.
_916503
245 4 _aThe timetables of science
_ba chronology of the most important people and events in the history of science
_cA. Hellemans and B. Bunch
260 _aLondon
_bSidwick and Jackson
_c1988
300 _avii, 656p.
650 _aChronology
_93047
650 _aNASA Thesaurus
650 _aTM Science
_916504
700 _aBunch, B.
_916505
942 _cBK
999 _c9750
_d9750